| 000 | 00597nam a22001577a 4500 | ||
|---|---|---|---|
| 003 | OSt | ||
| 005 | 20180718142937.0 | ||
| 008 | 180718b xxu||||| |||| 00| 0 eng d | ||
| 040 | _cRUA | ||
| 082 | _aAGR VEN 2016 B604 Or.1 | ||
| 100 |
_912917 _aVENG PHANA ,វ៉េង ផាណូ |
||
| 245 | _arice production in phnom srouch district, kampong speu province,ផលិតកម្មដំណាំស្រូវនៅស្រុកភ្នំស្រួចខេត្តកំពង់ស្ពឺ | ||
| 260 |
_aphnom penh _brua _c2016 |
||
| 300 |
_ax;42p; _bill; _c29cm; |
||
| 942 |
_2ddc _cVEM |
||
| 999 |
_c17029 _d17029 |
||